000 00721nam a2200181 4500
999 _c56840
_d56840
005 20190510195327.0
008 190510c2019 ру ||||| |||| 00| 0 рус d
022 _a0205-9592
041 _aрус
245 _aПсихологический Журнал :
_b2019 N2 (Том40) Март-Апрель /
_cГл. ред.:Журавлев А.Л.
260 _aМосква :
_bРоссииская академия наук,
_c2019
300 _aV.
653 _aფსიქოლოგია
653 _aПсихологический Журнал N2 (Том40) Март-Апрель 2019.
653 _aпериодика
700 _aЖуравлев, А.Л.
_eГл. редактор
_91024
942 _2udc
_cCR